000 00625nam a2200277Ia 4500
005 20260324150656.0
008 008 260324s9999 xx 000 0 eng d
020 _a9781315822914
037 _aEBOOK
040 _aCRL
040 _beng
040 _cCRL
041 _2eng
041 _aeng
084 _qCRL
100 _aRupert C. Lodge
_91227105
245 0 _aPlato's Theory of Art
260 _bTaylor and Francis
260 _c1953
365 _a
365 _b300
856 _uhttp://www.taylorfrancis.com/books/9781315822914
942 _cEBOOK
999 _c1837109
_d1837109